| 000 | 00465nam a22001697a 4500 | ||
|---|---|---|---|
| 005 | 20251108173046.0 | ||
| 008 | 250721s2002 xx 000 0 ara d | ||
| 082 | 1 | 4 | _a811.9567/إبر |
| 100 | 1 | _aإبراهيم، صاحب خليل | |
| 245 | 1 | 0 | _aقصائد البحر / |
| 264 | 1 |
_aعمان : _bمركز عبادي للنشر، _c2002. |
|
| 300 | _a143ص | ||
| 650 | 1 | 7 | _aالشعر العربي |
| 650 | 1 | 7 | _aاليمن |
| 942 |
_2ddc _cBK |
||
| 999 |
_c95115 _d95115 |
||